D&D 2024/5.5e Spell Trivia - Statistics

General Stats
  • This quiz has been taken 39 times
  • The average score is 5 of 14
Answer Stats
Hint Answer % Correct
Of Necromancy spell school and only on Druid spell list reincarnate
62%
On all full-casters' spell lists (except Warlock), but no other lists mending
54%
On all full-casters' spell lists (including Warlock), but no other lists hold person
46%
Of Illusion spell school and involves non-Psychic damage illusory dragon
46%
Duration: Special creation
43%
Of Conjuration spell school and involves Deafened condition storm of vengeance
38%
Of Evocation spell school and involves Necrotic damage destructive wave
35%
Duration: 1 day (note: NOT 24 hours) forbiddance
32%
Of Divination spell school and only on Wizard spell list telepathy
32%
Of Enchantment spell school and is a Ritual animal messenger
30%
Duration: Concentration, up to 6 rounds tsunami
30%
Range: 20 feet dream of the blue veil
27%
Of Transmutation spell school and involves Invisible condition sequester
24%
Of Abjuration spell school and involves an Intelligence check snare
22%
No matching quizzes found
Score Distribution
Percent of People with Each Score
Percentile by Number Answered
Your Score History
You have not taken this quiz